La regulación por parte de la CNV de las plataformas de financiamiento colectivo (Registro nro. 21237)
[ vista simple ]
| 000 -LEADER | |
|---|---|
| fixed length control field | 00373 a2200109 4500 |
| 001 - CONTROL NUMBER | |
| control field | ART_46488 |
| 005 - DATE AND TIME OF LATEST TRANSACTION | |
| control field | 20260410161808.0 |
| 008 - FIXED-LENGTH DATA ELEMENTS--GENERAL INFORMATION | |
| fixed length control field | 260409a |
| 100 1# - MAIN ENTRY--PERSONAL NAME | |
| Personal name | Camerini, Marcelo A. |
| 245 10 - TITLE STATEMENT | |
| Title | La regulación por parte de la CNV de las plataformas de financiamiento colectivo |
| 773 0# - HOST ITEM ENTRY | |
| Title | Doctrina Societaria y Concursal |
| Related parts | - N°367 (jun. 2018) |
| Record control number | REV4298 |
No hay ítems disponibles.